[Event "IRL-chT"]
[Site "Dublin"]
[Date "2016.04.23"]
[Round "1"]
[White "Howley, Kieran"]
[Black "Delaney, Rory"]
[Result "0-1"]
[WhiteElo "1077"]
[BlackElo "1878"]
[PlyCount "46"]
[EventDate "2016.04.23"]
[EventType "team-swiss"]
[EventRounds "4"]
[EventCountry "IRL"]
[SourceTitle "EXT 2023"]
[Source "ChessBase"]
[SourceDate "2022.10.05"]
[SourceVersion "1"]
[SourceVersionDate "2022.10.05"]
[SourceQuality "1"]

1. d4 Nf6 2. Nf3 e6 3. e3 c5 4. Bd3 d5 5. c3 Be7 6. 0-0 0-0 7. Nbd2 Nbd7 8. Re1 b6 9. b3 Bb7 10. Bb2 Ne4 11. Bc2 f5 12. c4 Ndf6 13. Ne5 cxd4 14. Bxd4 Bb4 15. Nef3 Ng4 16. Bxe4 fxe4 17. h3 exf3 18. hxg4 fxg2 19. Be5 Qh4 20. f3 dxc4 21. Re2 Bxd2 22. Qxd2 Qh1+ 23. Kf2 Rxf3# 0-1